FC 24 TOTW 28 - Statistics

General Stats
  • This quiz has been taken 3 times
  • The average score is 7 of 18
Answer Stats
rat pos club player % Correct
TOTW 92 CM FC Barcelona Femení Aitana Bonmatí
100%
TOTW 90 CM Manchester United Bruno Fernandes
100%
TOTW 87 CB Tottenham Hotspur Cristian Romero
100%
TOTW 85 LB Liverpool Kostas Tsimikas
100%
TOTW 88 CDM Real Madrid Toni Kroos
100%
TOTW 85 ST Genoa Albert Guðmundsson
50%
TOTW 87 RB Crystal Palace Daniel Muñoz
50%
TOTW 85 ST Genoa Mateo Retegui
50%
TOTW 87 LW OL Féminin Amel Majri
0%
TOTW 85 ST New York Red Bulls Dante Vanzeir
0%
TOTW 85 CAM Southampton David Brooks
0%
TOTW 87 RM Nottingham Forest Giovanni Reyna
0%
TOTW 85 CM RB Leipzig Women Jenny Hipp
0%
TOTW 87 RW Manchester City Jess Park
0%
TOTW 85 GK Reims Féminines Kinga Szemik
0%
TOTW 85 RB Tenerife Femenino María Estella
0%
TOTW 85 ST Royal Charleroi Oday Dabbagh
0%
TOTW 85 ST Valencia Roman Yaremchuk
0%
No matching quizzes found
Score Distribution
Percent of People with Each Score
Percentile by Number Answered
Your Score History
You have not taken this quiz